000 00487nam a2200217Ia 4500
008 210210b1900 xxu||||| |||| 00| 0 eng d
041 _aeng
082 _a270/54
100 _aRICKARY (Joseph)
245 _aOxford and Cambridge conferences Ed.2
250 _a
260 _aLondon
_bBurns & oates,
_c1900
300 _a413
650 _aOxford
650 _aEd.2
650 _aconferences
650 _aCambridge
650 _aand
690 _aReligion
906 _a001480
999 _c116607
_d116607